| 000 | 01056cam a2200289 a 4500 | ||
|---|---|---|---|
| 999 |
_c1298 _d1298 |
||
| 001 | 614344 | ||
| 003 | GBCCL | ||
| 005 | 20241126110358.0 | ||
| 008 | 920226s1992 miu 001 0 eng | ||
| 010 | _a 92009728 | ||
| 020 | _a0802805981 (pbk.) | ||
| 020 | _a9780802805980 | ||
| 040 |
_aDLC _cDLC _dDLC |
||
| 050 | 0 | 0 |
_aPJ4567.3 _b.K43 1992 |
| 082 | 0 | 0 |
_a492.4 _220 _bKEL |
| 100 | 1 |
_aKelley, Page H. _92512 |
|
| 245 | 1 | 0 |
_aBiblical Hebrew : _ban introductory grammar / _cPage H. Kelley. |
| 260 |
_aGrand Rapids, Mich. : _bW.B. Eerdmans, _cc1992. |
||
| 300 |
_axiv, 453 p. ; _c26 cm. |
||
| 500 | _aAccompanied by: A handbook to Biblical Hebrew, an introductory grammar. Grand Rapids, Mich. : Eerdmans, c1994. | ||
| 500 | _aIncludes index. | ||
| 650 | 0 |
_aHebrew language _xGrammar. _92513 |
|
| 740 | 0 | 2 | _aHandbook to Biblical Hebrew, an introductory grammar. |
| 906 |
_a7 _bcbc _corignew _d1 _eocip _f19 _gy-gencatlg |
||
| 942 |
_2ddc _cLAN |
||